[Event "5th Ordu Open 2019"]
[Site "Ordu"]
[Date "2019.05.01"]
[Round "4.5"]
[White "Asgari, Morteza"]
[Black "Haznedaroglu, Kivanc"]
[Result "1/2-1/2"]
[WhiteElo "2249"]
[BlackElo "2466"]
[Annotator "ChessBase"]
[PlyCount "166"]
[EventDate "2019.04.29"]
[EventType "swiss"]
[EventCountry "TUR"]
[SourceTitle "playchess.com"]
[Source "ChessBase"]
[SourceQuality "1"]
[TimeControl "5400+30"]

1. e4 {[%emt 0:00:30]} c5 {[%emt 0:00:30]} 2. Nf3 {[%emt 0:00:30]} d6 {[%emt 0:00:30]} 3. d4 {[%emt 0:00:00]} cxd4 {[%emt 0:00:00]} 4. Nxd4 {[%emt 0:00:00]} Nf6 {[%emt 0:00:00]} 5. Nc3 {[%emt 0:00:30]} g6 {[%emt 0:00:00]} 6. Be3 {[%emt 0:00:00]} Bg7 {[%emt 0:00:00]} 7. f3 {[%emt 0:00:00]} Nc6 {[%emt 0:00:00]} 8. Qd2 {[%emt 0:00:00]} O-O {[%emt 0:00:00]} 9. Bc4 {[%emt 0:01:00]} Bd7 {[%emt 0:01:30]} 10. O-O-O {[%emt 0:00:00]} Rb8 {[%emt 0:00:00]} 11. Bb3 {[%emt 0:03:00]} Na5 {[%emt 0:00:00]} 12. Bh6 {[%emt 0:00:30]} b5 {[%emt 0:02:30]} 13. Nd5 {[%emt 0:02:30]} Nxb3+ {[%emt 0:09:30]} 14. Nxb3 {[%emt 0:23:30]} Bxh6 {[%emt 0:08:30]} 15. Qxh6 {[%emt 0:04:30]} Nxd5 {[%emt 0:00:30]} 16. exd5 {[%emt 0:00:30]} Rb6 {[%emt 0:00:00]} 17. Rd4 {[%emt 0:02:30]} f6 {[%emt 0:00:00]} 18. Re1 {[%emt 0:00:30]} Rf7 {[%emt 0:03:30]} 19. Rde4 {[%emt 0:02:30]} Bf5 {[%emt 0:03:30]} 20. R4e2 {[%emt 0:00:30]} Ra6 {[%emt 0:08:30]} 21. a3 {[%emt 0:08:30]} Ra4 {[%emt 0:01:30]} 22. g4 {[%emt 0:00:30]} Bd7 {[%emt 0:00:30]} 23. Qe3 {[%emt 0:17:30]} a5 {[%emt 0:06:30]} 24. c3 {[%emt 0:02:30]} Rc4 {[%emt 0:14:30]} 25. Qa7 {[%emt 0:01:30]} b4 {[%emt 0:01:30]} 26. Qxa5 {[%emt 0:01:30]} Qc8 {[%emt 0:00:30]} 27. axb4 {[%emt 0:04:30]} Rxc3+ {[%emt 0:01:30]} 28. bxc3 {[%emt 0:00:30]} Qxc3+ {[%emt 0:00:30]} 29. Kb1 {[%emt 0:00:30]} Qxb3+ {[%emt 0:00:00]} 30. Rb2 {[%emt 0:00:00]} Qd3+ {[%emt 0:05:00]} 31. Ka1 {[%emt 0:01:00]} Bb5 {[%emt 0:03:30]} 32. Qa2 {[%emt 0:06:03]} Bc4 {[%emt 0:02:30]} 33. Rd2 {[%emt 0:01:01]} Qc3+ {[%emt 0:00:30]} 34. Qb2 {[%emt 0:00:30]} Qxf3 {[%emt 0:00:00]} 35. Rc1 {[%emt 0:03:35]} Bxd5 {[%emt 0:10:00]} 36. Qc3 {[%emt 0:00:43]} Rf8 {[%emt 0:00:30]} 37. Qxf3 {[%emt 0:00:26]} Bxf3 {[%emt 0:00:00]} 38. Rc7 {[%emt 0:00:22]} Re8 {[%emt 0:02:34]} 39. b5 {[%emt 0:01:46]} d5 {[%emt 0:00:53]} 40. b6 {[%emt 0:00:57]} Kf7 {[%emt 0:00:08]} 41. b7 {[%emt 0:04:05]} Rb8 {[%emt 0:00:08]} 42. Rd4 {[%emt 0:04:05]} Ke6 {[%emt 0:00:30]} 43. Rb4 {[%emt 0:00:00]} d4 {[%emt 0:00:23]} 44. Rxd4 {[%emt 0:00:13]} Rxb7 {[%emt 0:00:00]} 45. Rxb7 {[%emt 0:00:00]} Bxb7 {[%emt 0:00:00]} 46. Kb2 {[%emt 0:00:00]} Bd5 {[%emt 0:00:24]} 47. Kc3 {[%emt 0:00:14]} Ke5 {[%emt 0:00:30]} 48. Kd3 {[%emt 0:00:17]} e6 {[%emt 0:00:53]} 49. Ke3 {[%emt 0:00:14]} g5 {[%emt 0:01:31]} 50. Ra4 {[%emt 0:00:24]} f5 {[%emt 0:00:00]} 51. gxf5 {[%emt 0:02:51]} exf5 {[%emt 0:00:00]} 52. Ra5 {[%emt 0:00:28]} f4+ {[%emt 0:01:05]} 53. Kf2 {[%emt 0:00:03]} h5 {[%emt 0:01:41]} 54. Ra6 {[%emt 0:04:19]} g4 {[%emt 0:01:15]} 55. Ra3 {[%emt 0:02:41]} h4 {[%emt 0:01:34]} 56. Rc3 {[%emt 0:00:23]} Ke4 {[%emt 0:00:55]} 57. Ra3 {[%emt 0:00:34]} Kd4 {[%emt 0:09:33]} 58. Ra4+ {[%emt 0:00:31]} Ke5 {[%emt 0:00:12]} 59. Ra3 {[%emt 0:00:05]} Bc6 {[%emt 0:00:19]} 60. Ra5+ {[%emt 0:00:43]} Bd5 {[%emt 0:00:17]} 61. Ra3 {[%emt 0:00:14]} Kd6 {[%emt 0:00:17]} 62. Ra6+ {[%emt 0:00:42]} Bc6 {[%emt 0:00:30]} 63. Ra3 {[%emt 0:00:00]} Kc5 {[%emt 0:00:34]} 64. Rc3+ {[%emt 0:00:21]} Kd5 {[%emt 0:00:48]} 65. Kg2 {[%emt 0:01:14]} Bb5 {[%emt 0:02:17]} 66. Rc7 {[%emt 0:00:34]} Bd3 {[%emt 0:02:46]} 67. Rd7+ {[%emt 0:00:02]} Ke4 {[%emt 0:00:09]} 68. Re7+ {[%emt 0:01:39]} Kf5 {[%emt 0:00:30]} 69. Rg7 {[%emt 0:00:30]} Bc4 {[%emt 0:00:30]} 70. Kf2 {[%emt 0:00:30]} Be6 {[%emt 0:00:30]} 71. Kg2 {[%emt 0:00:30]} Kf6 {[%emt 0:00:30]} 72. Rh7 {[%emt 0:00:30]} Kg5 {[%emt 0:00:30]} 73. Rg7+ {[%emt 0:00:30]} Kh6 {[%emt 0:00:39]} 74. Re7 {[%emt 0:00:00]} Bd5+ {[%emt 0:00:06]} 75. Kg1 {[%emt 0:00:00]} g3 {[%emt 0:00:55]} 76. hxg3 {[%emt 0:00:00]} hxg3 {[%emt 0:00:09]} 77. Re5 {[%emt 0:00:04]} Bb7 {[%emt 0:00:08]} 78. Rb5 {[%emt 0:00:23]} Ba8 {[%emt 0:03:36]} 79. Ra5 {[%emt 0:00:12]} Bb7 {[%emt 0:00:16]} 80. Rb5 {[%emt 0:00:02]} Bc8 {[%emt 0:00:52]} 81. Kg2 {[%emt 0:00:02]} Bg4 {[%emt 0:00:13]} 82. Rb3 {[%emt 0:00:17]} Kg5 {[%emt 0:00:09]} 83. Rxg3 {[%emt 0:00:08]} fxg3 {[%emt 0:01:34]} 1/2-1/2

[Event "5th Ordu Open 2019"]
[Site "Ordu"]
[Date "2019.05.01"]
[Round "4.6"]
[White "Kilic, Efe Mert"]
[Black "Mazur, Stefan"]
[Result "1-0"]
[WhiteElo "2248"]
[BlackElo "2447"]
[Annotator "NA"]
[PlyCount "83"]
[EventDate "2019.04.29"]
[EventType "swiss"]
[EventCountry "TUR"]
[SourceTitle "playchess.com"]
[Source "ChessBase"]
[SourceQuality "1"]
[TimeControl "5400+30"]

1. e4 {[%emt 0:00:30]} e5 {[%emt 0:00:30]} 2. Nf3 {[%emt 0:00:30]} Nc6 {[%emt 0:00:30]} 3. d4 {[%emt 0:00:30]} exd4 {[%emt 0:00:00]} 4. Nxd4 {[%emt 0:00:00]} Bc5 {[%emt 0:03:00]} 5. Nb3 {[%emt 0:00:00]} Bb6 {[%emt 0:00:30]} 6. Nc3 {[%emt 0:01:30]} d6 {[%emt 0:00:30]} 7. Qe2 {[%emt 0:00:00]} Nge7 {[%emt 0:01:30]} 8. Be3 {[%emt 0:00:00]} O-O {[%emt 0:00:30]} 9. O-O-O {[%emt 0:00:30]} Be6 {[%emt 0:04:30]} 10. f4 {[%emt 0:05:30]} f6 {[%emt 0:08:30]} 11. h3 {[%emt 0:12:30]} Kh8 $16 {[%emt 0:01:30]} 12. g4 {[%emt 0:00:30]} Qe8 {[%emt 0:13:30]} 13. Bg2 {[%emt 0:02:30]} Na5 {[%emt 0:02:30]} 14. Bxb6 {[%emt 0:15:30]} axb6 {[%emt 0:09:30]} 15. Nd4 {[%emt 0:00:30]} Bc4 {[%emt 0:00:30]} 16. Qd2 {[%emt 0:02:30]} b5 {[%emt 0:03:30]} 17. b3 {[%emt 0:00:00]} b4 {[%emt 0:00:30]} 18. Nd5 {[%emt 0:01:00]} Bxd5 {[%emt 0:11:30]} 19. exd5 {[%emt 0:00:30]} c5 {[%emt 0:00:30]} 20. Ne6 {[%emt 0:05:30]} Rg8 {[%emt 0:03:30]} 21. Nc7 {[%emt 0:02:30]} Qd7 {[%emt 0:00:30]} 22. Nxa8 {[%emt 0:00:30]} Rxa8 {[%emt 0:00:30]} 23. Rde1 {[%emt 0:06:30]} b5 {[%emt 0:04:30]} 24. Kd1 {[%emt 0:00:30]} Nb7 {[%emt 0:03:30]} 25. Ke2 {[%emt 0:00:30]} Ng6 {[%emt 0:01:30]} 26. Kf2 {[%emt 0:01:30]} c4 {[%emt 0:04:30]} 27. bxc4 {[%emt 0:01:30]} Nc5 {[%emt 0:01:30]} 28. Qxb4 {[%emt 0:01:30]} Nxf4 {[%emt 0:04:41]} 29. Qxb5 {[%emt 0:00:30]} Qd8 {[%emt 0:00:00]} 30. Re3 {[%emt 0:08:30]} Ng6 {[%emt 0:01:44]} 31. Rb1 {[%emt 0:04:30]} Ne5 {[%emt 0:01:06]} 32. Kg1 {[%emt 0:00:30]} h6 {[%emt 0:01:30]} 33. Be4 {[%emt 0:01:30]} Qc7 {[%emt 0:04:30]} 34. Bf5 {[%emt 0:04:30]} g6 {[%emt 0:01:05]} 35. Rxe5 {[%emt 0:08:05]} fxe5 {[%emt 0:00:43]} 36. Bxg6 {[%emt 0:00:14]} Qg7 {[%emt 0:02:39]} 37. Qb8+ {[%emt 0:00:19]} Qf8 {[%emt 0:02:26]} 38. Qc7 {[%emt 0:00:41]} Qg7 {[%emt 0:04:51]} 39. Qb8+ {[%emt 0:00:30]} Qg8 {[%emt 0:00:00]} 40. Qxd6 {[%emt 0:00:00]} Qg7 {[%emt 0:00:00]} 41. Qb8+ {[%emt 0:00:44]} Qg8 {[%emt 0:00:05]} 42. Qxe5+ {[%emt 0:00:00]} 1-0

[Event "5th Ordu Open 2019"]
[Site "Ordu"]
[Date "2019.05.01"]
[Round "4.7"]
[White "Sibashvili, Giorgi"]
[Black "Dogan, Nazmi Can"]
[Result "0-1"]
[WhiteElo "2381"]
[BlackElo "2214"]
[Annotator "NA"]
[PlyCount "100"]
[EventDate "2019.04.29"]
[EventType "swiss"]
[EventCountry "TUR"]
[SourceTitle "playchess.com"]
[Source "ChessBase"]
[SourceQuality "1"]
[TimeControl "5400+30"]

1. d4 {[%emt 0:00:30]} Nf6 {[%emt 0:00:30]} 2. c4 {[%emt 0:00:30]} g6 {[%emt 0:00:00]} 3. Nc3 {[%emt 0:00:00]} d5 {[%emt 0:00:00]} 4. cxd5 {[%emt 0:03:00]} Nxd5 {[%emt 0:00:30]} 5. e4 {[%emt 0:00:30]} Nxc3 {[%emt 0:00:30]} 6. bxc3 {[%emt 0:00:00]} Bg7 {[%emt 0:00:00]} 7. Be3 {[%emt 0:02:00]} c5 {[%emt 0:00:00]} 8. Rc1 {[%emt 0:03:30]} Qa5 {[%emt 0:00:30]} 9. Qd2 {[%emt 0:00:30]} cxd4 {[%emt 0:00:30]} 10. cxd4 {[%emt 0:00:30]} Qxd2+ {[%emt 0:00:30]} 11. Bxd2 {[%emt 0:00:30]} O-O {[%emt 0:00:00] D85: Exchange Grünfeld: Unusual White 7th moves and lines with 7 Nf3} 12. Nf3 {[%emt 0:00:30]} e6 {[%emt 0:05:00]} 13. Bb5 {[%emt 0:08:30]} Bd7 {[%emt 0:00:30]} 14. Bxd7 {[%emt 0:04:30]} Nxd7 {[%emt 0:00:30]} 15. Rc7 {[%emt 0:01:30]} Nf6 {[%emt 0:00:30]} 16. e5 {[%emt 0:00:30]} Nd5 {[%emt 0:00:30]} 17. Rxb7 {[%emt 0:00:30]} Rfb8 {[%emt 0:00:30]} 18. Rb3 {[%emt 0:01:30]} Rxb3 {[%emt 0:05:30]} 19. axb3 {[%emt 0:01:30] [#]} Rb8 $146 {[%emt 0:00:00]} 20. Ke2 $11 {[%emt 0:00:30]} Rxb3 {[%emt 0:01:00]} 21. Ra1 {[%emt 0:00:00]} Rb7 {[%emt 0:07:30]} 22. Ne1 {[%emt 0:03:00]} Rd7 {[%emt 0:12:30]} 23. Nd3 {[%emt 0:05:30]} Bf8 {[%emt 0:03:30]} 24. Ra6 {[%emt 0:08:30]} Nb6 {[%emt 0:16:30]} 25. Be3 {[%emt 0:03:30]} Rc7 {[%emt 0:02:30]} 26. Nf4 {[%emt 0:03:30]} Rd7 {[%emt 0:02:30]} 27. Kf3 {[%emt 0:04:30]} Be7 {[%emt 0:11:30]} 28. Ke4 {[%emt 0:02:30]} Kf8 {[%emt 0:05:30]} 29. Bd2 {[%emt 0:08:30]} Ke8 {[%emt 0:02:30]} 30. Ba5 {[%emt 0:02:30]} Nc4 {[%emt 0:01:30]} 31. d5 {[%emt 0:06:30]} exd5+ {[%emt 0:00:30]} 32. Nxd5 {[%emt 0:00:30]} Nxa5 {[%emt 0:01:30]} 33. Rxa5 {[%emt 0:00:00]} Bd8 {[%emt 0:00:00]} 34. Ra6 {[%emt 0:12:04]} Rb7 {[%emt 0:00:00]} 35. g4 {[%emt 0:03:56]} Rb2 {[%emt 0:02:30]} 36. f4 {[%emt 0:00:48]} Re2+ {[%emt 0:06:51]} 37. Kd4 {[%emt 0:01:53]} Rxh2 {[%emt 0:02:26]} 38. Rxa7 {[%emt 0:00:38]} h5 {[%emt 0:04:34]} 39. g5 {[%emt 0:05:11]} h4 {[%emt 0:00:51]} 40. Kc5 {[%emt 0:04:36]} h3 {[%emt 0:01:24]} 41. Kd6 {[%emt 0:00:30]} Rd2 {[%emt 0:00:30]} 42. e6 {[%emt 0:00:49]} h2 {[%emt 0:01:28]} 43. exf7+ {[%emt 0:00:47]} Kf8 {[%emt 0:00:03]} 44. Ra1 {[%emt 0:00:00]} Kxf7 {[%emt 0:02:07]} 45. Ke5 {[%emt 0:00:29]} Re2+ {[%emt 0:00:31]} 46. Kd6 {[%emt 0:00:45]} Ba5 {[%emt 0:00:28]} 47. Rh1 {[%emt 0:00:31]} Be1 {[%emt 0:00:28]} 48. Kc5 {[%emt 0:00:55]} Bg3 {[%emt 0:00:19]} 49. Ra1 {[%emt 0:00:05]} Bf2+ {[%emt 0:00:59]} 50. Kc4 {[%emt 0:00:17]} Bg1 {[%emt 0:00:00]} 0-1

[Event "5th Ordu Open 2019"]
[Site "Ordu"]
[Date "2019.05.01"]
[Round "4.8"]
[White "Isik, Alparslan"]
[Black "Akhvlediani, Irakli"]
[Result "1-0"]
[WhiteElo "2233"]
[BlackElo "2261"]
[Annotator "NA"]
[PlyCount "119"]
[EventDate "2019.04.29"]
[EventType "swiss"]
[EventCountry "TUR"]
[SourceTitle "playchess.com"]
[Source "ChessBase"]
[SourceQuality "1"]
[TimeControl "5400+30"]

1. d4 {[%emt 0:00:30]} g6 {[%emt 0:00:30]} 2. e4 {[%emt 0:00:30]} Bg7 {[%emt 0:00:00]} 3. c4 {[%emt 0:00:00]} c5 {[%emt 0:00:00]} 4. d5 {[%emt 0:00:00]} d6 {[%emt 0:00:30]} 5. Nc3 {[%emt 0:00:30]} e6 {[%emt 0:00:00]} 6. Nf3 {[%emt 0:00:30]} Ne7 {[%emt 0:00:00]} 7. h3 {[%emt 0:00:30]} O-O {[%emt 0:00:30]} 8. Bd3 {[%emt 0:00:00]} h6 {[%emt 0:00:00]} 9. O-O {[%emt 0:01:00]} e5 {[%emt 0:00:00]} 10. Rb1 {[%emt 0:02:30]} f5 {[%emt 0:00:30]} 11. b4 {[%emt 0:00:30]} Na6 {[%emt 0:00:30]} 12. a3 {[%emt 0:00:30]} f4 {[%emt 0:01:30]} 13. Ne1 {[%emt 0:05:30]} h5 {[%emt 0:03:30]} 14. Bd2 {[%emt 0:00:30]} Kh7 {[%emt 0:02:30]} 15. Be2 {[%emt 0:03:30]} Bh6 {[%emt 0:00:30]} 16. Nd3 {[%emt 0:07:30]} b6 {[%emt 0:03:30]} 17. Bf3 {[%emt 0:01:30]} Rg8 {[%emt 0:11:30]} 18. Qa4 {[%emt 0:03:30]} Rg7 {[%emt 0:07:30]} 19. Nb5 {[%emt 0:06:30]} Ng8 {[%emt 0:01:30]} 20. Bc3 {[%emt 0:03:30]} g5 {[%emt 0:09:30]} 21. Bxh5 {[%emt 0:08:30]} g4 {[%emt 0:00:30]} 22. Bxg4 {[%emt 0:01:30]} Bxg4 {[%emt 0:07:30]} 23. hxg4 {[%emt 0:00:30]} f3 {[%emt 0:00:30]} 24. Qd1 {[%emt 0:04:30]} Nf6 {[%emt 0:03:30]} 25. Qxf3 {[%emt 0:02:30]} Nxg4 {[%emt 0:00:30]} 26. Qf5+ {[%emt 0:11:30]} Rg6 {[%emt 0:03:30]} 27. Nxd6 {[%emt 0:07:30]} Qxd6 {[%emt 0:04:30]} 28. Nxe5 {[%emt 0:01:30]} Nxe5 {[%emt 0:02:30]} 29. Bxe5 {[%emt 0:00:30]} Qe7 {[%emt 0:05:30]} 30. d6 {[%emt 0:02:30]} Qe6 {[%emt 0:01:30]} 31. d7 {[%emt 0:05:45]} cxb4 {[%emt 0:06:30]} 32. axb4 {[%emt 0:03:28]} Bg7 {[%emt 0:12:33]} 33. Bg3 {[%emt 0:05:49]} Rd8 {[%emt 0:04:15]} 34. Rfd1 {[%emt 0:01:21]} Qxf5 {[%emt 0:05:28]} 35. exf5 {[%emt 0:00:30]} Rg4 {[%emt 0:00:00]} 36. c5 {[%emt 0:07:31]} bxc5 {[%emt 0:03:31]} 37. b5 {[%emt 0:00:51]} Rxg3 {[%emt 0:00:06]} 38. fxg3 {[%emt 0:01:08]} Nb8 {[%emt 0:00:30]} 39. b6 {[%emt 0:01:19]} axb6 {[%emt 0:01:10]} 40. Rxb6 {[%emt 0:00:28]} Bd4+ {[%emt 0:01:19]} 41. Kf1 {[%emt 0:00:01]} Nxd7 {[%emt 0:00:55]} 42. Rd6 {[%emt 0:00:01]} Kg8 {[%emt 0:00:07]} 43. g4 {[%emt 0:01:16]} Kf7 {[%emt 0:00:13]} 44. f6 {[%emt 0:00:49]} Kg6 {[%emt 0:00:34]} 45. g5 {[%emt 0:00:35]} Kf7 {[%emt 0:00:36]} 46. g3 {[%emt 0:01:05]} Kg6 {[%emt 0:00:45]} 47. Kg2 {[%emt 0:00:18]} Kxg5 {[%emt 0:00:21]} 48. f7 {[%emt 0:00:43]} Ra8 {[%emt 0:00:17]} 49. Rxd7 {[%emt 0:00:11]} Ra2+ {[%emt 0:00:02]} 50. Kh3 {[%emt 0:00:26]} Rf2 {[%emt 0:00:01]} 51. Re1 {[%emt 0:00:54]} Kg6 {[%emt 0:00:09]} 52. Re6+ {[%emt 0:00:11]} Kg7 {[%emt 0:00:19]} 53. Ree7 {[%emt 0:01:03]} Rf6 {[%emt 0:00:29]} 54. Rc7 {[%emt 0:00:19]} Kg6 {[%emt 0:02:06]} 55. Re6 {[%emt 0:00:36]} Kg7 {[%emt 0:00:35]} 56. Rxf6 {[%emt 0:00:30]} Bxf6 {[%emt 0:00:00]} 57. Kg4 {[%emt 0:00:15]} c4 {[%emt 0:00:00]} 58. Kf5 {[%emt 0:00:00]} Bb2 {[%emt 0:00:50]} 59. Ke6 {[%emt 0:00:18]} c3 {[%emt 0:00:00]} 60. Rc8 {[%emt 0:00:00]} 1-0

[Event "5th Ordu Open 2019"]
[Site "Ordu"]
[Date "2019.05.01"]
[Round "4.9"]
[White "Karadag, Eflatun Cem"]
[Black "Sakarya, Muammer Boran"]
[Result "1-0"]
[WhiteElo "1836"]
[BlackElo "1711"]
[Annotator "NA"]
[PlyCount "131"]
[EventDate "2019.04.29"]
[EventType "swiss"]
[EventCountry "TUR"]
[SourceTitle "playchess.com"]
[Source "ChessBase"]
[SourceQuality "1"]
[TimeControl "5400+30"]

1. d4 {[%emt 0:30:30]} Nf6 {[%emt 0:30:30]} 2. Nf3 {[%emt 0:00:00]} g6 {[%emt 0:00:30]} 3. g3 {[%emt 0:00:00]} Bg7 {[%emt 0:00:30]} 4. Bg2 {[%emt 0:00:00]} O-O {[%emt 0:00:00]} 5. O-O {[%emt 0:00:00]} d6 {[%emt 0:00:00]} 6. c4 {[%emt 0:00:30]} c6 {[%emt 0:00:00]} 7. Nc3 {[%emt 0:00:00]} Qa5 {[%emt 0:00:00]} 8. e4 {[%emt 0:00:00]} e5 {[%emt 0:00:00]} 9. h3 {[%emt 0:00:30]} Nbd7 {[%emt 0:04:00]} 10. Re1 {[%emt 0:04:30]} Re8 {[%emt 0:01:30]} 11. Be3 {[%emt 0:03:30]} exd4 {[%emt 0:04:30]} 12. Nxd4 {[%emt 0:00:30]} Ne5 {[%emt 0:02:30]} 13. Bf1 {[%emt 0:01:30]} Be6 {[%emt 0:00:30]} 14. Nxe6 {[%emt 0:01:30]} Rxe6 {[%emt 0:00:30]} 15. Rb1 {[%emt 0:00:30]} c5 {[%emt 0:12:30]} 16. Kg2 {[%emt 0:09:30]} Nc6 {[%emt 0:04:30]} 17. a3 {[%emt 0:04:30]} Nxe4 {[%emt 0:12:30]} 18. Nxe4 {[%emt 0:04:30]} Rxe4 {[%emt 0:00:30]} 19. Qxd6 {[%emt 0:00:30]} Rae8 {[%emt 0:00:30]} 20. Qd3 {[%emt 0:03:30]} R4e6 {[%emt 0:05:14]} 21. Bd2 {[%emt 0:07:30]} Qb6 {[%emt 0:05:38]} 22. Rxe6 {[%emt 0:03:30]} Rxe6 {[%emt 0:00:45]} 23. Be3 {[%emt 0:06:13]} Nd4 {[%emt 0:04:43]} 24. Kg1 {[%emt 0:05:01]} Qd6 {[%emt 0:07:23]} 25. b4 {[%emt 0:01:17]} h5 {[%emt 0:02:15]} 26. bxc5 {[%emt 0:03:18]} Qxc5 {[%emt 0:00:54]} 27. Rxb7 {[%emt 0:01:01]} h4 {[%emt 0:00:24]} 28. Rb5 {[%emt 0:00:44]} Nf3+ {[%emt 0:00:35]} 29. Kh1 {[%emt 0:00:41]} Qe7 {[%emt 0:00:15]} 30. Bg2 {[%emt 0:01:50]} Ne1 {[%emt 0:00:33]} 31. Rb8+ {[%emt 0:01:04]} Kh7 {[%emt 0:00:33]} 32. Qd8 {[%emt 0:00:15]} Qxd8 {[%emt 0:00:56]} 33. Rxd8 {[%emt 0:00:09]} hxg3 {[%emt 0:00:28]} 34. Bd5 {[%emt 0:00:28]} Re7 {[%emt 0:00:03]} 35. Bc5 {[%emt 0:00:27]} Rc7 {[%emt 0:00:39]} 36. Be3 {[%emt 0:01:23]} gxf2 {[%emt 0:01:03]} 37. Bxf2 {[%emt 0:00:00]} Nd3 {[%emt 0:00:01]} 38. Bg3 {[%emt 0:00:00]} Be5 {[%emt 0:00:10]} 39. Bxf7 {[%emt 0:01:58]} Bxg3 {[%emt 0:01:02]} 40. Rxd3 {[%emt 0:00:30]} Rxf7 {[%emt 0:00:00]} 41. Rxg3 {[%emt 0:00:06]} Rc7 {[%emt 0:00:30]} 42. Rc3 {[%emt 0:00:30]} Kg7 {[%emt 0:00:30]} 43. Kg2 {[%emt 0:00:00]} Kf6 {[%emt 0:00:00]} 44. Kf3 {[%emt 0:00:00]} Ke5 {[%emt 0:00:24]} 45. Ke3 {[%emt 0:00:00]} Rh7 {[%emt 0:00:00]} 46. Kd2 {[%emt 0:00:13]} Kd4 {[%emt 0:00:28]} 47. c5 {[%emt 0:05:33]} Rc7 {[%emt 0:00:23]} 48. c6 {[%emt 0:00:14]} Kd5 {[%emt 0:00:30]} 49. Ke3 {[%emt 0:00:00]} Ke5 {[%emt 0:00:48]} 50. h4 {[%emt 0:00:30]} a6 {[%emt 0:01:32]} 51. Rc1 {[%emt 0:01:42]} a5 {[%emt 0:00:39]} 52. Rc3 {[%emt 0:03:00]} a4 {[%emt 0:00:57]} 53. Kf3 {[%emt 0:00:09]} Kf5 {[%emt 0:00:26]} 54. Rc5+ {[%emt 0:00:12]} Ke6 {[%emt 0:00:02]} 55. Ke4 {[%emt 0:00:35]} Kd6 {[%emt 0:00:30]} 56. Kd4 {[%emt 0:00:43]} Rh7 {[%emt 0:00:42]} 57. c7 {[%emt 0:00:49]} Rxc7 {[%emt 0:00:41]} 58. Rxc7 {[%emt 0:00:30]} Kxc7 {[%emt 0:00:30]} 59. Ke5 {[%emt 0:00:00]} Kc6 {[%emt 0:00:00]} 60. Kf6 {[%emt 0:00:16]} Kc5 {[%emt 0:00:21]} 61. Kxg6 {[%emt 0:00:30]} Kc4 {[%emt 0:00:30]} 62. h5 {[%emt 0:00:30]} Kb3 {[%emt 0:00:30]} 63. h6 {[%emt 0:00:00]} Kxa3 {[%emt 0:00:00]} 64. h7 {[%emt 0:00:00]} Ka2 {[%emt 0:00:00]} 65. h8=Q {[%emt 0:00:00]} a3 {[%emt 0:00:00]} 66. Qc3 {[%emt 0:00:00]} 1-0

[Event "5th Ordu Open 2019"]
[Site "Ordu"]
[Date "2019.05.01"]
[Round "4.10"]
[White "Demirbas, Fatih"]
[Black "Ozveren, Ali Bulent"]
[Result "0-1"]
[WhiteElo "1726"]
[BlackElo "1930"]
[Annotator "NA"]
[PlyCount "70"]
[EventDate "2019.04.29"]
[EventType "swiss"]
[EventCountry "TUR"]
[SourceTitle "playchess.com"]
[Source "ChessBase"]
[SourceQuality "1"]
[TimeControl "5400+30"]

1. e4 {[%emt 0:30:30]} e6 {[%emt 0:30:30]} 2. d4 {[%emt 0:00:30]} d5 {[%emt 0:00:00]} 3. Nd2 {[%emt 0:00:00]} c5 {[%emt 0:00:00]} 4. exd5 {[%emt 0:01:00]} exd5 {[%emt 0:00:30]} 5. dxc5 {[%emt 0:00:30]} Bxc5 {[%emt 0:00:30]} 6. Ngf3 {[%emt 0:00:30]} Nf6 {[%emt 0:02:30]} 7. Bb5+ {[%emt 0:01:30]} Bd7 {[%emt 0:00:30]} 8. Qe2+ {[%emt 0:02:30]} Qe7 {[%emt 0:03:30]} 9. O-O {[%emt 0:03:30]} O-O {[%emt 0:02:30]} 10. Nb3 {[%emt 0:11:30]} Qxe2 {[%emt 0:07:30]} 11. Bxe2 {[%emt 0:01:30]} Bb6 {[%emt 0:00:00]} 12. Bf4 {[%emt 0:03:30]} Nc6 {[%emt 0:04:00]} 13. Rad1 {[%emt 0:02:30]} Rfe8 {[%emt 0:05:30]} 14. Rfe1 {[%emt 0:04:30]} Ne4 {[%emt 0:00:30]} 15. Bg3 {[%emt 0:05:30]} Nxg3 {[%emt 0:11:30]} 16. hxg3 {[%emt 0:01:30]} Be6 {[%emt 0:01:30]} 17. c3 {[%emt 0:03:30]} Rad8 {[%emt 0:04:30]} 18. Nfd4 {[%emt 0:00:30]} Ne5 {[%emt 0:01:30]} 19. Bb5 {[%emt 0:07:16]} Bd7 {[%emt 0:00:30]} 20. Bxd7 {[%emt 0:01:04]} Nxd7 {[%emt 0:00:30]} 21. a4 {[%emt 0:05:48]} a6 {[%emt 0:01:30]} 22. Rxe8+ {[%emt 0:06:14]} Rxe8 {[%emt 0:00:00]} 23. Kf1 {[%emt 0:00:01]} g6 {[%emt 0:02:00]} 24. Nc2 {[%emt 0:01:18]} Nf6 {[%emt 0:00:37]} 25. Nb4 {[%emt 0:01:25]} Re5 {[%emt 0:00:26]} 26. Nd3 {[%emt 0:02:22]} Rf5 {[%emt 0:03:26]} 27. Nd4 {[%emt 0:01:44]} Bxd4 {[%emt 0:04:24]} 28. cxd4 {[%emt 0:00:30]} Ne4 {[%emt 0:00:03]} 29. Ke2 {[%emt 0:01:03]} Rf6 {[%emt 0:04:25]} 30. a5 {[%emt 0:00:11]} Re6 {[%emt 0:02:41]} 31. Kf3 {[%emt 0:00:51]} h5 {[%emt 0:01:26]} 32. Rc1 {[%emt 0:00:32]} Nd2+ {[%emt 0:00:25]} 33. Kf4 {[%emt 0:00:26]} Re4+ {[%emt 0:02:30]} 34. Kg5 {[%emt 0:00:07]} Kg7 {[%emt 0:00:09]} 35. Rc7 {[%emt 0:01:00]} Rg4# {[%emt 0:00:10]} 0-1